Pharmaceutical Practice (Record no. 6070)

MARC details
000 -LEADER
fixed length control field 00567nam a22002057a 4500
003 - CONTROL NUMBER IDENTIFIER
control field OSt
005 - DATE AND TIME OF LATEST TRANSACTION
control field 20180322134444.0
008 - FIXED-LENGTH DATA ELEMENTS--GENERAL INFORMATION
fixed length control field 180322b xxu||||| |||| 00| 0 eng d
020 ## - INTERNATIONAL STANDARD BOOK NUMBER
International Standard Book Number 9780702051449
040 ## - CATALOGING SOURCE
Transcribing agency DNLM
082 ## - DEWEY DECIMAL CLASSIFICATION NUMBER
Classification number QV778 P49j 2014
100 ## - MAIN ENTRY--PERSONAL NAME
Personal name Edited by Juidith, A. Rees; Ian, Smith; Jennie, Watson
9 (RLIN) 12564
245 ## - TITLE STATEMENT
Title Pharmaceutical Practice
250 ## - EDITION STATEMENT
Edition statement 5th ed.
260 ## - PUBLICATION, DISTRIBUTION, ETC. (IMPRINT)
Place of publication, distribution, etc. Edinburgh; Churchill, 2014
300 ## - PHYSICAL DESCRIPTION
Extent xvii,552p; col.ill: 25cm
504 ## - BIBLIOGRAPHY, ETC. NOTE
Bibliography, etc Appendices, & index included
650 ## - SUBJECT ADDED ENTRY--TOPICAL TERM
Topical term or geographic name as entry element Pharmaceutics
9 (RLIN) 1575
942 ## - ADDED ENTRY ELEMENTS (KOHA)
Source of classification or shelving scheme Other/Generic Classification Scheme
Koha item type Book Bank
Holdings
Withdrawn status Lost status Source of classification or shelving scheme Damaged status Not for loan Home library Current library Date acquired Source of acquisition Inventory number Total Checkouts Full call number Barcode Date last seen Koha item type
    Other/Generic Classification Scheme     MUST Main Library MUST Main Library 22/03/2018   17/40584   QV778 P49j 2014 2018-0204 22/03/2018 Open Shelf
    Other/Generic Classification Scheme     Pharmacy Department Library Pharmacy Department Library 11/10/2018   14/37421   QV778 P49j 2014 2018-0393 11/10/2018 Short Loan